| 000 | 00577nam a22001697a 4500 | ||
|---|---|---|---|
| 005 | 20250624114141.0 | ||
| 008 | 250624b |||||||| |||| 00| 0 eng d | ||
| 020 | _a978-1899836765 | ||
| 050 | _aLB 1025.3 .G56 2002 | ||
| 100 | _aGINNIS, PAUL. | ||
| 245 | _aTHE TEACHER'S TOOLKIT: RAISE CLASSROOM ACHIEVEMENT WITH STRATEGIES FOR EVERY LEARNER | ||
| 260 |
_aWALES _bCROWN HOUSE PUB. _c2002 |
||
| 300 | _aXI,356P,;ILL | ||
| 500 | _aINCLUDES BIBLIOGRAPHICAL REFERENCES AND INDEX | ||
| 650 | _a1. ACTIVITY PROGRAMS IN EDUCATION. 2. EFFECTIVE TEACHING. | ||
| 942 |
_2lcc _cBK |
||
| 999 |
_c215747 _d215747 |
||